Normal view
MARC view
- saddiqui, Muhammad Ismail
Entry Personal Name
001 - CONTROL NUMBER
- control field: 110089
003 - CONTROL NUMBER IDENTIFIER
- control field: NUST
005 - DATE AND TIME OF LATEST TRANSACTION
- control field: 20230309140039.0
008 - FIXED-LENGTH DATA ELEMENTS
- fixed length control field: 230309|| aca||aabn | a|a d
040 ## - CATALOGING SOURCE
- Original cataloging agency: NUST
- Transcribing agency: NUST
100 ## - HEADING--PERSONAL NAME
- Personal name: saddiqui, Muhammad Ismail
670 ## - SOURCE DATA FOUND
- Source citation: Work cat.: (NUST)187623: saddiqui, Muhammad Ismail, Chandi Ky Tarr /چاندی کے تار (Urdu) /, 1983
